000 00508nam a2200181 i 4500
001 32361
003 ES-MaACL
007 t|
008 030131s1912 gw ||||1| eng d
100 1 _aBennett, Arnold.
_927731
245 1 0 _aLeonora
_b: a novel /
_cArnold Bennett.
260 _aLeipzig :
_bBernhard Tauchnitz,
_c1912.
300 _a288 p. ;
_c16 cm.
490 1 _aCollection of British authors
830 0 _aCollection of British authors
_9180703
852 _aES-MaACL
_jG-13057
999 _c32361
_d32361